[Event "Edmonton int."]
[Site "Edmonton CAN"]
[Date "2019.06.21"]
[Round "6.2"]
[White "Findlay, Ian"]
[Black "Balakrishnan, Praveen"]
[Result "1/2-1/2"]
[WhiteElo "2206"]
[BlackElo "2428"]
[PlyCount "98"]
[EventDate "2019.06.19"]
[EventType "tourn"]
[EventRounds "9"]
[EventCountry "CAN"]
[TimeControl "1"]

1. e4 {[%emt 0:00:00]} c5 {[%emt 0:00:06]} 2. Nf3 {[%emt 0:00:06]} Nc6 {
[%emt 0:00:04]} 3. d4 {[%emt 0:00:06]} cxd4 {[%emt 0:00:05]} 4. Nxd4 {
[%emt 0:00:06]} Nf6 {[%emt 0:00:05]} 5. Nc3 {[%emt 0:00:07]} e5 {[%emt 0:00:11]
} 6. Ndb5 {[%emt 0:00:19]} d6 {[%emt 0:00:06]} 7. Bg5 {[%emt 0:00:29]} a6 {
[%emt 0:00:06]} 8. Na3 {[%emt 0:00:05]} b5 {[%emt 0:00:04]} 9. Nd5 {
[%emt 0:00:14]} Be7 {[%emt 0:00:06]} 10. Bxf6 {[%emt 0:00:09]} Bxf6 {
[%emt 0:00:07]} 11. c3 {[%emt 0:00:07]} O-O {[%emt 0:00:44]} 12. Nc2 {
[%emt 0:00:13]} Rb8 {[%emt 0:00:18]} 13. h4 {[%emt 0:01:56]} g6 {[%emt 0:00:40]
} 14. h5 {[%emt 0:02:05]} Bg5 {[%emt 0:01:28]} 15. g3 {[%emt 0:04:07]} a5 {
[%emt 0:13:05]} 16. a3 {[%emt 0:05:54]} Be6 {[%emt 0:17:43]} 17. Bg2 {
[%emt 0:07:10]} Ne7 {[%emt 0:09:05]} 18. Nce3 {[%emt 0:02:58]} Kg7 {
[%emt 0:10:46]} 19. Qd3 {[%emt 0:11:26]} Nxd5 {[%emt 0:07:59]} 20. Nxd5 {
[%emt 0:00:31]} f5 {[%emt 0:02:39]} 21. Rd1 {[%emt 0:03:35]} Qd7 {
[%emt 0:07:34]} 22. hxg6 {[%emt 0:09:56]} hxg6 {[%emt 0:01:28]} 23. exf5 {
[%emt 0:00:09]} Bxf5 {[%emt 0:04:38]} 24. Be4 {[%emt 0:02:54]} Qa7 {
[%emt 0:00:54]} 25. O-O {[%emt 0:04:25]} Bh3 {[%emt 0:07:32]} 26. Bg2 {
[%emt 0:00:16]} Bf5 {[%emt 0:06:28]} 27. Be4 {[%emt 0:00:16]} Be6 {
[%emt 0:02:53]} 28. Ne3 {[%emt 0:03:49]} Rxf2 {[%emt 0:05:12]} 29. Kxf2 {
[%emt 0:03:26]} Bc4 {[%emt 0:00:09]} 30. Qd2 {[%emt 0:01:24]} Rf8+ {
[%emt 0:01:55]} 31. Kg2 {[%emt 0:00:21]} Bxf1+ {[%emt 0:01:06]} 32. Rxf1 {
[%emt 0:00:05]} Rxf1 {[%emt 0:00:07]} 33. Kxf1 {[%emt 0:00:11]} Qxe3 {
[%emt 0:01:04]} 34. Qxe3 {[%emt 0:00:20]} Bxe3 {[%emt 0:00:04]} 35. Ke2 {
[%emt 0:04:16]} Bc1 {[%emt 0:00:33]} 36. b4 {[%emt 0:00:08]} Bxa3 {
[%emt 0:01:05]} 37. bxa5 {[%emt 0:00:08]} Bc5 {[%emt 0:00:03]} 38. a6 {
[%emt 0:01:50]} Kf6 {[%emt 0:00:10]} 39. Bd3 {[%emt 0:00:55]} Kg5 {
[%emt 0:01:10]} 40. Kf3 {[%emt 0:00:17]} d5 {[%emt 0:00:08]} 41. Bxb5 {
[%emt 0:00:28]} e4+ {[%emt 0:00:29]} 42. Kg2 {[%emt 0:05:00]} Kf5 {
[%emt 0:00:29]} 43. Bc6 {[%emt 0:01:58]} Ke5 {[%emt 0:00:08]} 44. Kf1 {
[%emt 0:01:02]} d4 {[%emt 0:02:02]} 45. cxd4+ {[%emt 0:00:11]} Kxd4 {
[%emt 0:00:08]} 46. Ke2 {[%emt 0:00:10]} g5 {[%emt 0:00:07]} 47. g4 {
[%emt 0:00:05]} Ke5 {[%emt 0:00:16]} 48. Bd7 {[%emt 0:00:17]} Kf4 {
[%emt 0:00:13]} 49. Bf5 {[%emt 0:00:11]} Ba7 {[%emt 0:00:17]} 1/2-1/2

[Event "Edmonton int."]
[Site "Edmonton CAN"]
[Date "2019.06.21"]
[Round "6.3"]
[White "Porper, Edward"]
[Black "Paragua, Mark"]
[Result "0-1"]
[WhiteElo "2382"]
[BlackElo "2501"]
[PlyCount "58"]
[EventDate "2019.06.19"]
[EventType "tourn"]
[EventRounds "9"]
[EventCountry "CAN"]
[TimeControl "1"]

1. d4 {[%emt 0:00:01]} Nf6 {[%emt 0:00:10]} 2. c4 {[%emt 0:00:02]} g6 {
[%emt 0:00:09]} 3. Nc3 {[%emt 0:00:03]} d5 {[%emt 0:00:12]} 4. Bf4 {
[%emt 0:00:03]} Bg7 {[%emt 0:00:23]} 5. e3 {[%emt 0:00:02]} c6 {[%emt 0:01:48]}
6. Nf3 {[%emt 0:00:27]} O-O {[%emt 0:00:15]} 7. h3 {[%emt 0:00:44]} Qa5 {
[%emt 0:02:17]} 8. Nd2 {[%emt 0:04:17]} Be6 {[%emt 0:02:56]} 9. Qb3 {
[%emt 0:04:13]} b6 {[%emt 0:10:37]} 10. Be2 {[%emt 0:04:12]} Rd8 {
[%emt 0:06:54]} 11. O-O {[%emt 0:12:01]} c5 {[%emt 0:03:02]} 12. dxc5 {
[%emt 0:09:56]} Qxc5 {[%emt 0:11:29]} 13. Qb5 {[%emt 0:02:52]} Nc6 {
[%emt 0:05:39]} 14. Qxc5 {[%emt 0:06:42]} bxc5 {[%emt 0:00:15]} 15. Bf3 {
[%emt 0:06:31]} Nb4 {[%emt 0:03:13]} 16. Bg5 {[%emt 0:08:11]} Rab8 {
[%emt 0:03:18]} 17. cxd5 {[%emt 0:07:36]} Nfxd5 {[%emt 0:04:04]} 18. Nxd5 {
[%emt 0:01:34]} Nxd5 {[%emt 0:00:15]} 19. Ne4 {[%emt 0:03:27]} h6 {
[%emt 0:01:41]} 20. Bh4 {[%emt 0:00:12]} c4 {[%emt 0:00:47]} 21. Nc5 {
[%emt 0:06:00]} Rxb2 {[%emt 0:03:56]} 22. Rad1 {[%emt 0:02:23]} g5 {
[%emt 0:04:11]} 23. Nxe6 {[%emt 0:00:49]} fxe6 {[%emt 0:00:08]} 24. e4 {
[%emt 0:00:22]} gxh4 {[%emt 0:01:51]} 25. exd5 {[%emt 0:00:01]} c3 {
[%emt 0:02:18]} 26. Be4 {[%emt 0:01:28]} exd5 {[%emt 0:00:39]} 27. Rxd5 {
[%emt 0:00:30]} Rxd5 {[%emt 0:00:57]} 28. Bxd5+ {[%emt 0:00:02]} Kh8 {
[%emt 0:00:11]} 29. Bb3 {[%emt 0:02:58]} Bd4 {[%emt 0:00:36]} 0-1

[Event "Edmonton int."]
[Site "Edmonton CAN"]
[Date "2019.06.21"]
[Round "6.4"]
[White "Zierk, Steven"]
[Black "Banerjee, Bitan"]
[Result "1-0"]
[WhiteElo "2490"]
[BlackElo "2427"]
[PlyCount "99"]
[EventDate "2019.06.19"]
[EventType "tourn"]
[EventRounds "9"]
[EventCountry "CAN"]
[TimeControl "1"]

1. e4 {[%emt 0:00:05]} c5 {[%emt 0:00:07]} 2. Nf3 {[%emt 0:00:05]} d6 {
[%emt 0:00:05]} 3. Bb5+ {[%emt 0:00:25]} Nd7 {[%emt 0:00:05]} 4. O-O {
[%emt 0:00:13]} a6 {[%emt 0:01:04]} 5. Bd3 {[%emt 0:00:20]} Ngf6 {
[%emt 0:02:24]} 6. Re1 {[%emt 0:00:16]} g6 {[%emt 0:04:41]} 7. c3 {
[%emt 0:04:25]} Ne5 {[%emt 0:01:55]} 8. Be2 {[%emt 0:04:54]} Nxf3+ {
[%emt 0:07:38]} 9. Bxf3 {[%emt 0:00:51]} e5 {[%emt 0:00:11]} 10. d4 {
[%emt 0:01:08]} Qc7 {[%emt 0:00:15]} 11. a4 {[%emt 0:09:40]} b6 {[%emt 0:00:28]
} 12. Na3 {[%emt 0:07:29]} Bg7 {[%emt 0:06:32]} 13. dxe5 {[%emt 0:13:21]} dxe5
{[%emt 0:00:07]} 14. Bg5 {[%emt 0:00:37]} O-O {[%emt 0:34:46]} 15. Bxf6 {
[%emt 0:02:15]} Bxf6 {[%emt 0:00:05]} 16. Be2 {[%emt 0:00:47]} Bb7 {
[%emt 0:03:06]} 17. Bc4 {[%emt 0:00:45]} Bg5 {[%emt 0:03:34]} 18. Qe2 {
[%emt 0:05:20]} Rfd8 {[%emt 0:12:46]} 19. Rad1 {[%emt 0:02:05]} Rxd1 {
[%emt 0:01:22]} 20. Rxd1 {[%emt 0:01:04]} Rd8 {[%emt 0:00:04]} 21. Rd3 {
[%emt 0:10:31]} Kh8 {[%emt 0:02:03]} 22. Rxd8+ {[%emt 0:08:50]} Qxd8 {
[%emt 0:00:40]} 23. Bxf7 {[%emt 0:01:03]} Bxe4 {[%emt 0:05:06]} 24. Bc4 {
[%emt 0:00:58]} Bc6 {[%emt 0:03:18]} 25. Qxe5+ {[%emt 0:01:38]} Bf6 {
[%emt 0:00:10]} 26. Qe2 {[%emt 0:00:14]} Bxa4 {[%emt 0:00:34]} 27. Bxa6 {
[%emt 0:00:07]} Bc6 {[%emt 0:06:26]} 28. Bb5 {[%emt 0:01:07]} Bd5 {
[%emt 0:00:38]} 29. Nc4 {[%emt 0:04:38]} Bxc4 {[%emt 0:02:20]} 30. Bxc4 {
[%emt 0:00:03]} Qe7 {[%emt 0:00:18]} 31. Qd1 {[%emt 0:00:25]} Kg7 {
[%emt 0:01:14]} 32. g3 {[%emt 0:00:16]} Qd8 {[%emt 0:00:34]} 33. Qf3 {
[%emt 0:01:07]} Qd6 {[%emt 0:01:09]} 34. Qb7+ {[%emt 0:01:47]} Be7 {
[%emt 0:00:06]} 35. h4 {[%emt 0:01:35]} Qd8 {[%emt 0:00:54]} 36. Qe4 {
[%emt 0:01:26]} Bf6 {[%emt 0:00:56]} 37. Qe6 {[%emt 0:00:06]} Be7 {
[%emt 0:00:26]} 38. h5 {[%emt 0:01:35]} gxh5 {[%emt 0:00:47]} 39. Qe4 {
[%emt 0:07:19]} Qd6 {[%emt 0:00:27]} 40. Bd3 {[%emt 0:00:15]} Kf8 {
[%emt 0:00:34]} 41. Qxh7 {[%emt 0:03:15]} h4 {[%emt 0:05:43]} 42. Qh8+ {
[%emt 0:07:32]} Kf7 {[%emt 0:00:05]} 43. Qh5+ {[%emt 0:00:05]} Kg7 {
[%emt 0:04:30]} 44. Qg4+ {[%emt 0:08:48]} Kh6 {[%emt 0:08:41]} 45. Qe4 {
[%emt 0:00:51]} hxg3 {[%emt 0:01:08]} 46. Qh7+ {[%emt 0:00:23]} Kg5 {
[%emt 0:00:02]} 47. f4+ {[%emt 0:00:09]} Kg4 {[%emt 0:00:48]} 48. Qf5+ {
[%emt 0:00:16]} Kf3 {[%emt 0:01:31]} 49. Qe4+ {[%emt 0:00:10]} Kg4 {
[%emt 0:01:11]} 50. Be2+ {[%emt 0:00:05]} 1-0

[Event "Edmonton int."]
[Site "Edmonton CAN"]
[Date "2019.06.21"]
[Round "6.5"]
[White "Shabalov, Alexander"]
[Black "Noritsyn, Nikolay"]
[Result "0-1"]
[WhiteElo "2528"]
[BlackElo "2508"]
[PlyCount "286"]
[EventDate "2019.06.19"]
[EventType "tourn"]
[EventRounds "9"]
[EventCountry "CAN"]

1. e4 c5 2. Nf3 d6 3. d4 cxd4 4. Nxd4 Nf6 5. Nc3 a6 6. h3 e6 7. g4 b5 8. g5
Nfd7 9. a3 Bb7 10. Bg2 Nc6 11. O-O Rc8 12. Nde2 h6 13. g6 fxg6 14. Nf4 Qf6 15.
Qg4 Kf7 16. Nfd5 exd5 17. Qxd7+ Qe7 18. Qxe7+ Nxe7 19. Rd1 Ng8 20. a4 b4 21.
Nxd5 a5 22. c3 bxc3 23. Nxc3 Nf6 24. Bf4 Ke6 25. Rd4 g5 26. Bd2 Be7 27. Nb5 Rc2
28. Bc3 Rc8 29. e5 dxe5 30. Bxb7 Rb8 31. Rc4 Rxb7 32. Re1 Kf7 33. Rxe5 Rd7 34.
Nd4 Rc1+ 35. Kg2 Nd5 36. Ne2 Rd1 37. Bxa5 Bf6 38. Ree4 Bxb2 39. Rc2 Bf6 40.
Rec4 Re7 41. Bc7 Ra1 42. a5 Nxc7 43. Rxc7 Rxa5 44. Rxe7+ Kxe7 45. Rc4 Ke6 46.
Rb4 Ra2 47. Kf3 Kd6 48. Rc4 Kd5 49. Rb4 Ra3+ 50. Kg2 Ra8 51. Ng3 Rf8 52. Rb5+
Ke6 53. Rb6+ Kd7 54. Nf5 Be5 55. Ne3 Bd4 56. Rb3 Kd6 57. Ng4 Re8 58. Rd3 Kd5
59. Rd2 Kc4 60. Ra2 Rf8 61. Nh2 Kb3 62. Re2 Rf4 63. Rd2 Bc3 64. Re2 Kc4 65. Ra2
Kd5 66. Re2 Ra4 67. Ng4 Bd4 68. Ne3+ Kc5 69. Rc2+ Kb5 70. Nf5 Be5 71. Ne3 Rd4
72. Ra2 Kc6 73. Ra6+ Kd7 74. Ng4 Bd6 75. Ra7+ Bc7 76. Ra6 Ke8 77. Ra7 Rc4 78.
Ne3 Rc5 79. Ra4 Bf4 80. Ra8+ Kf7 81. Ra7+ Kg6 82. Ra3 Re5 83. Ng4 Re6 84. Ra7
h5 85. Nh2 Rb6 86. Ra2 Be5 87. Nf1 Bf4 88. Ng3 Re6 89. Ne2 Be5 90. Ng3 Bf6 91.
Re2 Rb6 92. Ne4 Bd4 93. Ng3 Ra6 94. Ne4 Ra4 95. Ng3 Bf6 96. Ne4 Bd8 97. Kf3 Rc4
98. Kg2 Bc7 99. Kf3 Ra4 100. Kg2 Rb4 101. Kf3 Bf4 102. Kg2 Rd4 103. Ng3 Rd6
104. Ne4 Rc6 105. Ra2 Be5 106. Ra5 Bf6 107. Ra2 Rc4 108. Re2 Rd4 109. Kf3 Rb4
110. Kg2 Rb6 111. Kf3 Rc6 112. Kg2 Bd8 113. Kf3 Bc7 114. Kg2 Rc1 115. Nd6 Bxd6
116. Re6+ Kh7 117. Rxd6 Rc4 118. Rd5 Kh6 119. Rd6+ g6 120. Rd3 Re4 121. Kg3 Kg7
122. Ra3 Rf4 123. Ra7+ Kh6 124. Ra3 h4+ 125. Kg2 g4 126. hxg4 Rxg4+ 127. Kh3
Rf4 128. Kg2 g5 129. f3 Rd4 130. Kh3 Kh5 131. Ra2 Rd1 132. Kg2 Kg6 133. Ra6+
Kf5 134. Ra5+ Kf4 135. Ra4+ Ke5 136. Re4+ Kf5 137. Re2 Rd4 138. Ra2 Kf4 139.
Rb2 Ke3 140. Rb3+ Rd3 141. Rb5 Rd2+ 142. Kh3 Kf4 143. Rb8 Kxf3 0-1

[Event "Edmonton int."]
[Site "Edmonton CAN"]
[Date "2019.06.22"]
[Round "7.1"]
[White "Noritsyn, Nikolay"]
[Black "Daggupati, Balaji"]
[Result "1-0"]
[WhiteElo "2508"]
[BlackElo "2331"]
[PlyCount "55"]
[EventDate "2019.06.19"]
[EventType "tourn"]
[EventRounds "9"]
[EventCountry "CAN"]
[TimeControl "1"]

1. d4 {[%emt 0:00:16]} d5 {[%emt 0:00:06]} 2. Nf3 {[%emt 0:00:30]} Nf6 {
[%emt 0:00:07]} 3. c4 {[%emt 0:00:35]} c6 {[%emt 0:00:06]} 4. e3 {
[%emt 0:00:08]} Bf5 {[%emt 0:00:06]} 5. Nc3 {[%emt 0:00:08]} e6 {[%emt 0:00:05]
} 6. Nh4 {[%emt 0:00:13]} Be4 {[%emt 0:00:05]} 7. f3 {[%emt 0:00:12]} Bg6 {
[%emt 0:00:05]} 8. Qb3 {[%emt 0:00:44]} b5 {[%emt 0:00:06]} 9. cxd5 {
[%emt 0:01:12]} exd5 {[%emt 0:00:06]} 10. g3 {[%emt 0:00:44]} Nbd7 {
[%emt 0:01:39]} 11. Bg2 {[%emt 0:00:48]} b4 {[%emt 0:28:41]} 12. Na4 {
[%emt 0:01:03]} c5 {[%emt 0:00:41]} 13. O-O {[%emt 0:05:13]} c4 {[%emt 0:10:55]
} 14. Qd1 {[%emt 0:00:20]} Bd3 {[%emt 0:05:53]} 15. Re1 {[%emt 0:04:05]} Nb6 {
[%emt 0:06:12]} 16. e4 {[%emt 0:14:15]} dxe4 {[%emt 0:01:06]} 17. fxe4 {
[%emt 0:01:05]} Qxd4+ {[%emt 0:05:45]} 18. Be3 {[%emt 0:02:35]} Qd7 {
[%emt 0:00:36]} 19. Nc5 {[%emt 0:15:14]} Bxc5 {[%emt 0:05:04]} 20. Bxc5 {
[%emt 0:00:09]} Qb5 {[%emt 0:09:55]} 21. Bd6 {[%emt 0:00:36]} O-O-O {
[%emt 0:02:24]} 22. Nf5 {[%emt 0:10:20]} Nxe4 {[%emt 0:10:39]} 23. Qg4 {
[%emt 0:12:01]} Rd7 {[%emt 0:03:31]} 24. Bxe4 {[%emt 0:03:24]} h5 {
[%emt 0:04:31]} 25. Ne7+ {[%emt 0:02:05]} Kd8 {[%emt 0:00:06]} 26. Nc6+ {
[%emt 0:00:57]} Kc8 {[%emt 0:00:56]} 27. Nxa7+ {[%emt 0:00:14]} Kd8 {
[%emt 0:00:05]} 28. Qxg7 {[%emt 0:02:12]} 1-0

[Event "Edmonton int."]
[Site "Edmonton CAN"]
[Date "2019.06.22"]
[Round "7.2"]
[White "Banerjee, Bitan"]
[Black "Shabalov, Alexander"]
[Result "1-0"]
[WhiteElo "2427"]
[BlackElo "2528"]
[PlyCount "51"]
[EventDate "2019.06.19"]
[EventType "tourn"]
[EventRounds "9"]
[EventCountry "CAN"]
[TimeControl "1"]

1. d4 {[%emt 0:02:25]} e6 {[%emt 0:01:51]} 2. c4 {[%emt 0:00:08]} b6 {
[%emt 0:00:30]} 3. e4 {[%emt 0:00:05]} Bb7 {[%emt 0:00:05]} 4. Bd3 {
[%emt 0:00:04]} f5 {[%emt 0:00:33]} 5. exf5 {[%emt 0:00:19]} Bb4+ {
[%emt 0:00:06]} 6. Kf1 {[%emt 0:00:08]} Nf6 {[%emt 0:00:07]} 7. Nf3 {
[%emt 0:00:05]} O-O {[%emt 0:00:35]} 8. a3 {[%emt 0:00:04]} Bd6 {[%emt 0:00:31]
} 9. Nc3 {[%emt 0:00:06]} Bxf3 {[%emt 0:15:42]} 10. Qxf3 {[%emt 0:03:04]} Nc6 {
[%emt 0:00:15]} 11. Be3 {[%emt 0:02:40]} e5 {[%emt 0:08:44]} 12. d5 {
[%emt 0:29:23]} e4 {[%emt 0:01:33]} 13. Bxe4 {[%emt 0:09:49]} Ne5 {
[%emt 0:01:32]} 14. Qe2 {[%emt 0:11:40]} Nxe4 {[%emt 0:02:00]} 15. Nxe4 {
[%emt 0:00:05]} Rxf5 {[%emt 0:00:22]} 16. h4 {[%emt 0:13:17]} Qf8 {
[%emt 0:05:53]} 17. Rh3 {[%emt 0:06:37]} Re8 {[%emt 0:02:22]} 18. Re1 {
[%emt 0:05:15]} Ng6 {[%emt 0:04:50]} 19. Qg4 {[%emt 0:05:43]} Bf4 {
[%emt 0:29:16]} 20. Bd4 {[%emt 0:03:48]} Be5 {[%emt 0:12:27]} 21. Bxe5 {
[%emt 0:02:01]} Rexe5 {[%emt 0:01:30]} 22. Rhe3 {[%emt 0:03:15]} b5 {
[%emt 0:03:28]} 23. b3 {[%emt 0:01:03]} bxc4 {[%emt 0:02:56]} 24. bxc4 {
[%emt 0:00:01]} d6 {[%emt 0:00:32]} 25. g3 {[%emt 0:00:11]} Qe8 {[%emt 0:02:53]
} 26. Nxd6 {[%emt 0:00:29]} 1-0

[Event "Edmonton int."]
[Site "Edmonton CAN"]
[Date "2019.06.22"]
[Round "7.3"]
[White "Paragua, Mark"]
[Black "Zierk, Steven"]
[Result "1-0"]
[WhiteElo "2501"]
[BlackElo "2490"]
[PlyCount "117"]
[EventDate "2019.06.19"]
[EventType "tourn"]
[EventRounds "9"]
[EventCountry "CAN"]
[TimeControl "1"]

1. e4 {[%emt 0:00:06]} e6 {[%emt 0:00:27]} 2. d4 {[%emt 0:00:14]} d5 {
[%emt 0:00:04]} 3. Nd2 {[%emt 0:00:08]} Nf6 {[%emt 0:04:35]} 4. e5 {
[%emt 0:02:12]} Nfd7 {[%emt 0:00:07]} 5. c3 {[%emt 0:00:51]} c5 {[%emt 0:00:37]
} 6. Ngf3 {[%emt 0:00:12]} b6 {[%emt 0:03:17]} 7. Bb5 {[%emt 0:08:39]} a6 {
[%emt 0:09:51]} 8. Bd3 {[%emt 0:01:02]} cxd4 {[%emt 0:02:27]} 9. cxd4 {
[%emt 0:00:13]} a5 {[%emt 0:01:03]} 10. Nb1 {[%emt 0:04:16]} Ba6 {
[%emt 0:02:29]} 11. O-O {[%emt 0:01:05]} Be7 {[%emt 0:07:03]} 12. Nc3 {
[%emt 0:01:35]} Bxd3 {[%emt 0:02:29]} 13. Qxd3 {[%emt 0:00:05]} O-O {
[%emt 0:03:33]} 14. Bd2 {[%emt 0:01:00]} Nc6 {[%emt 0:09:30]} 15. Rac1 {
[%emt 0:01:44]} Rc8 {[%emt 0:01:14]} 16. a3 {[%emt 0:03:35]} Ndb8 {
[%emt 0:04:21]} 17. Nb5 {[%emt 0:07:54]} h6 {[%emt 0:06:13]} 18. Rc3 {
[%emt 0:03:43]} Qd7 {[%emt 0:01:03]} 19. Rfc1 {[%emt 0:00:06]} Rfd8 {
[%emt 0:02:13]} 20. g4 {[%emt 0:02:35]} f5 {[%emt 0:09:12]} 21. exf6 {
[%emt 0:03:10]} Bxf6 {[%emt 0:00:15]} 22. Kh1 {[%emt 0:00:54]} e5 {
[%emt 0:03:11]} 23. dxe5 {[%emt 0:05:37]} Bxe5 {[%emt 0:00:19]} 24. Nbd4 {
[%emt 0:00:07]} Bf6 {[%emt 0:04:39]} 25. g5 {[%emt 0:06:35]} hxg5 {
[%emt 0:02:13]} 26. Nxg5 {[%emt 0:02:13]} Bxg5 {[%emt 0:01:50]} 27. Bxg5 {
[%emt 0:00:07]} Re8 {[%emt 0:04:13]} 28. Qf5 {[%emt 0:02:11]} Qxf5 {
[%emt 0:02:23]} 29. Nxf5 {[%emt 0:01:49]} Re5 {[%emt 0:00:37]} 30. Nd6 {
[%emt 0:06:42]} Rf8 {[%emt 0:01:58]} 31. f4 {[%emt 0:03:09]} Re6 {
[%emt 0:00:44]} 32. Nb5 {[%emt 0:04:37]} Rfe8 {[%emt 0:00:39]} 33. Bh4 {
[%emt 0:01:06]} d4 {[%emt 0:02:47]} 34. Rd3 {[%emt 0:00:28]} Re3 {
[%emt 0:05:19]} 35. Rxe3 {[%emt 0:02:37]} Rxe3 {[%emt 0:01:20]} 36. Nxd4 {
[%emt 0:01:53]} Nxd4 {[%emt 0:00:30]} 37. Rc8+ {[%emt 0:03:09]} Kh7 {
[%emt 0:00:17]} 38. Rxb8 {[%emt 0:07:11]} Nf3 {[%emt 0:02:50]} 39. Bf2 {
[%emt 0:01:20]} Re4 {[%emt 0:01:53]} 40. Rxb6 {[%emt 0:02:37]} Rxf4 {
[%emt 0:00:05]} 41. Kg2 {[%emt 0:02:14]} Nd2 {[%emt 0:06:10]} 42. Rb5 {
[%emt 0:02:41]} Nc4 {[%emt 0:08:04]} 43. a4 {[%emt 0:01:23]} Re4 {
[%emt 0:07:21]} 44. b3 {[%emt 0:02:28]} Nd2 {[%emt 0:00:08]} 45. Bb6 {
[%emt 0:00:34]} Re2+ {[%emt 0:02:35]} 46. Kg3 {[%emt 0:01:38]} Nf1+ {
[%emt 0:00:51]} 47. Kf3 {[%emt 0:00:38]} Rb2 {[%emt 0:00:47]} 48. Bxa5 {
[%emt 0:00:49]} Nxh2+ {[%emt 0:00:07]} 49. Ke4 {[%emt 0:00:40]} Nf1 {
[%emt 0:01:27]} 50. Bc3 {[%emt 0:01:21]} Re2+ {[%emt 0:00:13]} 51. Kd4 {
[%emt 0:00:57]} Kh6 {[%emt 0:00:21]} 52. a5 {[%emt 0:01:02]} Ra2 {
[%emt 0:00:07]} 53. Rb4 {[%emt 0:02:26]} Ng3 {[%emt 0:03:15]} 54. Ra4 {
[%emt 0:01:27]} Ne2+ {[%emt 0:00:04]} 55. Kd3 {[%emt 0:00:07]} Nc1+ {
[%emt 0:00:12]} 56. Kc4 {[%emt 0:00:15]} Rc2 {[%emt 0:00:10]} 57. a6 {
[%emt 0:01:52]} Na2 {[%emt 0:00:22]} 58. a7 {[%emt 0:00:08]} Nxc3 {
[%emt 0:00:07]} 59. Ra6+ {[%emt 0:00:07]} 1-0

[Event "Edmonton int."]
[Site "Edmonton CAN"]
[Date "2019.06.22"]
[Round "7.4"]
[White "Balakrishnan, Praveen"]
[Black "Porper, Edward"]
[Result "1/2-1/2"]
[WhiteElo "2428"]
[BlackElo "2382"]
[PlyCount "64"]
[EventDate "2019.06.19"]
[EventType "tourn"]
[EventRounds "9"]
[EventCountry "CAN"]
[TimeControl "1"]

1. d4 {[%emt 0:00:03]} d5 {[%emt 0:00:07]} 2. c4 {[%emt 0:00:07]} c6 {
[%emt 0:00:01]} 3. Nf3 {[%emt 0:00:09]} Nf6 {[%emt 0:00:04]} 4. Nc3 {
[%emt 0:00:12]} e6 {[%emt 0:00:08]} 5. e3 {[%emt 0:00:13]} Nbd7 {[%emt 0:00:03]
} 6. Bd2 {[%emt 0:01:10]} b6 {[%emt 0:02:57]} 7. Bd3 {[%emt 0:00:51]} Bb7 {
[%emt 0:00:11]} 8. O-O {[%emt 0:00:15]} Be7 {[%emt 0:01:06]} 9. Qe2 {
[%emt 0:01:30]} O-O {[%emt 0:01:02]} 10. Rfd1 {[%emt 0:00:30]} dxc4 {
[%emt 0:06:50]} 11. Bxc4 {[%emt 0:00:07]} c5 {[%emt 0:00:05]} 12. Ba6 {
[%emt 0:01:03]} Qc8 {[%emt 0:01:45]} 13. Bxb7 {[%emt 0:00:08]} Qxb7 {
[%emt 0:00:02]} 14. e4 {[%emt 0:00:12]} cxd4 {[%emt 0:01:23]} 15. Nxd4 {
[%emt 0:00:06]} Nc5 {[%emt 0:06:20]} 16. f3 {[%emt 0:09:33]} Rfd8 {
[%emt 0:00:24]} 17. Be3 {[%emt 0:04:32]} Rac8 {[%emt 0:02:29]} 18. Rac1 {
[%emt 0:01:59]} a6 {[%emt 0:05:06]} 19. b4 {[%emt 0:12:21]} Ncd7 {
[%emt 0:00:18]} 20. b5 {[%emt 0:00:23]} axb5 {[%emt 0:00:17]} 21. Ndxb5 {
[%emt 0:03:32]} Nc5 {[%emt 0:02:20]} 22. Bd4 {[%emt 0:07:49]} Qb8 {
[%emt 0:02:38]} 23. Rb1 {[%emt 0:12:41]} Rd7 {[%emt 0:01:49]} 24. Kh1 {
[%emt 0:13:41]} Rcd8 {[%emt 0:02:04]} 25. Bxc5 {[%emt 0:07:08]} Bxc5 {
[%emt 0:00:26]} 26. Na4 {[%emt 0:00:59]} Qe5 {[%emt 0:03:10]} 27. Rxd7 {
[%emt 0:01:51]} Rxd7 {[%emt 0:00:06]} 28. Rd1 {[%emt 0:00:19]} h5 {
[%emt 0:04:47]} 29. Rxd7 {[%emt 0:06:30]} Nxd7 {[%emt 0:00:01]} 30. Qd1 {
[%emt 0:00:46]} h4 {[%emt 0:03:03]} 31. Nxc5 {[%emt 0:01:17]} Qxc5 {
[%emt 0:00:08]} 32. a4 {[%emt 0:01:05]} Nf6 {[%emt 0:01:01]} 1/2-1/2